000 00311nam a22001337a 4500
008 181102b xxu||||| |||| 00| 0 eng d
020 _a0070424136
041 _aeng
080 _22nd
_a101
100 _a24
101 _aFIL
245 _aPhilosophy Paradox and Discovery
_cMinton,A.J
942 _2udc
_cBK
999 _c51742
_d51742